| 000 | 00893cam a2200229 4500 | ||
|---|---|---|---|
| 001 | ABS62505 | ||
| 008 | 000000n2000 000 0 eng u | ||
| 035 | _a(Sirsi) u106500 | ||
| 100 | _aWarnock-Smith, S. | ||
| 245 | _aTo insure or not to insure? that is the fiduciary question | ||
| 260 | _c2000 | ||
| 490 |
_aChristie's Bulletin for Professional Advisers _v5(1) Summer 2000, 9-12(4) |
||
| 520 | _aReviews the present law relating to the insurance of trust assets by trustees or personal representatives. Focuses on the defects of the current law and outlines the case for reform, as proposed in the Trustee Bill. Case law. | ||
| 590 | _aABS | ||
| 650 | _aTRUST ASSETS | ||
| 650 | _aINSURANCE OF TRUST ASSETS | ||
| 650 | _aTRUSTS OF LAND AND APPOINTMENT OF TRUSTEES ACT 1996 | ||
| 650 | _aTRUSTEE BILL | ||
| 650 | _aTRUSTEE ACT 1925 | ||
| 690 |
_aINSURANCE _96249 |
||
| 942 | _n0 | ||
| 999 |
_c63800 _d63800 |
||